[Event "SLO-ch 28th"]
[Site "Ljubljana"]
[Date "2018.05.01"]
[Round "6"]
[White "Krumpak, Hinko"]
[Black "Debevec, Blaz"]
[Result "0-1"]
[WhiteElo "2084"]
[BlackElo "2186"]
[PlyCount "86"]
[EventDate "2018.04.27"]
[EventType "swiss"]
[EventRounds "9"]
[EventCountry "SLO"]
[SourceTitle "CBM 184 Extra"]
[Source "ChessBase"]
[SourceDate "2018.06.28"]
[SourceVersion "1"]
[SourceVersionDate "2018.06.28"]
[SourceQuality "1"]

1. b3 e5 2. Bb2 d6 3. g3 f5 4. Bg2 Nf6 5. e3 Be7 6. Ne2 c6 7. c4 Na6 8. d4 e4 9. a3 Be6 10. Nbc3 Bf7 11. h4 Bh5 12. Qc2 Bg4 13. Nf4 Nc7 14. b4 Qd7 15. Qb3 d5 16. cxd5 Ncxd5 17. Nfxd5 cxd5 18. Qa4 Qxa4 19. Nxa4 Rc8 20. Kd2 Bf3 21. Bxf3 exf3 22. Rhc1 Ne4+ 23. Ke1 Kf7 24. Nc3 Nxc3 25. Rxc3 Rxc3 26. Bxc3 Rc8 27. Kd2 Kg6 28. Rc1 Kh5 29. Bb2 Rxc1 30. Bxc1 b5 31. Ke1 Kg4 32. Bd2 h6 33. Bc3 g5 34. hxg5 hxg5 35. Bd2 Bd6 36. Kf1 f4 37. gxf4 gxf4 38. Ke1 fxe3 39. fxe3 Bg3+ 40. Kf1 Kf5 41. Be1 Bxe1 42. Kxe1 Ke4 43. Kf2 a6 0-1

[Event "SLO-ch 28th"]
[Site "Ljubljana"]
[Date "2018.04.29"]
[Round "4"]
[White "Stevanic, David"]
[Black "Krumpak, Hinko"]
[Result "1-0"]
[WhiteElo "2250"]
[BlackElo "2084"]
[PlyCount "81"]
[EventDate "2018.04.27"]
[EventType "swiss"]
[EventRounds "9"]
[EventCountry "SLO"]
[SourceTitle "CBM 184 Extra"]
[Source "ChessBase"]
[SourceDate "2018.06.28"]
[SourceVersion "1"]
[SourceVersionDate "2018.06.28"]
[SourceQuality "1"]

1. e4 d5 2. exd5 Qxd5 3. Nc3 Qa5 4. d4 Nf6 5. Bc4 c6 6. Bd2 Qb6 7. Nf3 Qxb2 8. 0-0 e6 9. Re1 Be7 10. d5 exd5 11. Rb1 Qa3 12. Bxd5 0-0 13. Bb3 Bg4 14. h3 Bxf3 15. Qxf3 Nbd7 16. Rbd1 Bb4 17. Na4 Bxd2 18. Bxf7+ Rxf7 19. Qxa3 Bxe1 20. Rxe1 b6 21. Qd6 Rc8 22. f3 b5 23. Nb2 Nd5 24. c4 bxc4 25. Nxc4 N7b6 26. Ne5 Rf6 27. Qc5 Re8 28. Nd3 Rc8 29. Kf2 h6 30. g3 Kf7 31. a4 Rc7 32. Ne5+ Kg8 33. a5 Nd7 34. Nxd7 Rxd7 35. Re8+ Kh7 36. Ra8 Rff7 37. Qc2+ g6 38. Qxc6 Nb4 39. Qc8 Nd3+ 40. Kg1 g5 41. Qg8# 1-0

[Event "Ljubljana-chT 71st 1st League"]
[Site "Ljubljana"]
[Date "2018.03.29"]
[Round "8.1"]
[White "Sedlar, Tomo"]
[Black "Krumpak, Hinko"]
[Result "1/2-1/2"]
[WhiteElo "1830"]
[BlackElo "2067"]
[PlyCount "46"]
[EventDate "2018.01.11"]
[EventType "team-tourn"]
[EventRounds "9"]
[EventCountry "SLO"]
[SourceTitle "EXT 2024"]
[Source "ChessBase"]
[SourceDate "2023.10.10"]
[SourceVersion "1"]
[SourceVersionDate "2023.10.10"]
[SourceQuality "1"]
[WhiteTeam "Menges Trzin"]
[BlackTeam "Visnja Gora Sticna"]
[WhiteTeamCountry "SLO"]
[BlackTeamCountry "SLO"]

1. d4 d6 2. c4 e5 3. Nc3 exd4 4. Qxd4 Nc6 5. Qd2 g6 6. Nf3 Bg7 7. g3 Nf6 8. Bg2 0-0 9. 0-0 Be6 10. Nd5 Qd7 11. Ng5 Rab8 12. Nxe6 fxe6 13. Nxf6+ Bxf6 14. Rb1 Ne7 15. b3 c6 16. Bh3 Nf5 17. Bb2 Qg7 18. Bxf6 Qxf6 19. Bxf5 exf5 20. e3 Rbd8 21. Qa5 a6 22. Rfd1 Qe5 23. Qc7 Qg7 1/2-1/2

[Event "SLO-chT3 West"]
[Site "Komenda"]
[Date "2017.12.10"]
[Round "5.1"]
[White "Krumpak, Hinko"]
[Black "Rifelj, Luka"]
[Result "1/2-1/2"]
[WhiteElo "2087"]
[BlackElo "1948"]
[PlyCount "59"]
[EventDate "2017.12.08"]
[EventType "team-swiss"]
[EventRounds "5"]
[EventCountry "SLO"]
[SourceTitle "EXT 2019"]
[Source "ChessBase"]
[SourceDate "2018.10.10"]
[SourceVersion "1"]
[SourceVersionDate "2018.10.10"]
[SourceQuality "1"]
[WhiteTeam "Visnja Gora Sticna"]
[BlackTeam "Novo Mesto Krka II"]
[WhiteTeamCountry "SLO"]
[BlackTeamCountry "SLO"]

1. g3 Nf6 2. Bg2 d5 3. Nf3 e6 4. c4 Be7 5. b3 0-0 6. Bb2 c5 7. cxd5 exd5 8. d4 Nc6 9. 0-0 Be6 10. Nc3 Ne4 11. dxc5 Bxc5 12. Nxe4 dxe4 13. Ne5 Nxe5 14. Bxe5 f5 15. Qxd8 Rfxd8 16. Rfd1 Rac8 17. e3 Bb6 18. Bf1 Kf7 19. Rxd8 Rxd8 20. Bc4 Bxc4 21. bxc4 Rd2 22. a4 Rc2 23. Rb1 Rxc4 24. a5 Bxa5 25. Rxb7+ Ke6 26. Rxa7 Kxe5 27. Rxa5+ Kf6 28. h4 h5 29. Ra6+ Kf7 30. Ra7+ 1/2-1/2